Kinda : ricerca sulla prostituzione maschile dei giovani stranieri : risultati di uno studio qualitativo e delle interviste con testimoni privilegiati in alcune aree metropolitane italiane /

Na minha lista:
Detalhes bibliográficos
Outros Autores: Ferraris, Valeria
Formato: Livro
Idioma:Língua italiana
Publicado em: Torino : [s.n.], 2004
Tags: Adicionar Tag
Sem tags, seja o primeiro a adicionar uma tag!

MARC

LEADER 00000nam a22000007i 4500
001 IT\ICCU\UBO\2829679
003 ItRI
005 20260115232427.0
008 061011s2004 it |||||| ||||| |||||c
040 |b ita  |c importazione bologna sebina 
041 7 |a ita  |2 ISO-639-2 
245 0 0 |a Kinda :  |b ricerca sulla prostituzione maschile dei giovani stranieri : risultati di uno studio qualitativo e delle interviste con testimoni privilegiati in alcune aree metropolitane italiane /  |c [a cura di] Valeria Ferraris. 
260 |a Torino :  |b [s.n.],  |c 2004  |e (Torino :  |f Mcl) 
300 |a XXII, 131 p. ;  |c 21 cm 
500 |a In calce alla copertina: Programma Daphne 2000-2003. 
700 1 |a Ferraris, Valeria  |0 IT\ICCU\TERV\031600 
942 |2 ddc  |c BK  |n 0 
952 |0 0  |1 0  |4 0  |6 DOC_306_743000000000000_KIN  |7 0  |9 25584  |a BO  |b BO  |d 2026-01-15  |i 8190  |l 0  |o DOC 306.743 KIN  |p BO8190  |r 2026-01-15 23:24:27  |w 2026-01-15  |x [Sebina 5] [1 v. (2. copia)]  |y BK  |z 1 v. (2. copia) 
952 |0 0  |1 0  |4 0  |6 DOC_306_743000000000000_KIN  |7 0  |9 25585  |a BO  |b BO  |d 2026-01-15  |i 8189  |l 0  |o DOC 306.743 KIN  |p BO8189  |r 2026-01-15 23:24:27  |w 2026-01-15  |x [Sebina 5] [1 v.]  |y BK  |z 1 v. 
999 |c 21711  |d 21711